00222nam a2200097Ia 4500008004100000100000900041245001900050260003100069942000700100999001700107190216s9999||||xx |||||||||||||| ||und|| aNull 0aHindi-Pura Var bTata Mcgrawhill Publishers cBK c18202d18202